• Famiglia nella società / politica-familiare

di Topical Term

Records bibliografici associati: 1

001 - CONTROL NUMBER

  • control field: 62581

003 - CONTROL NUMBER IDENTIFIER

  • control field:

005 - DATE AND TIME OF LATEST TRANSACTION

  • control field: 20250905131131.0

008 - FIXED-LENGTH DATA ELEMENTS

  • fixed length control field: 250905|| aca||aabn | a|a d

040 ## - CATALOGING SOURCE

  • Original cataloging agency:
  • Transcribing agency:

150 ## - HEADING--TOPICAL TERM

  • Topical term or geographic name entry element: Famiglia nella società / politica-familiare

670 ## - SOURCE DATA FOUND

  • Source citation: Work cat.: ()217361: Belletti Francesco (a cura di) 61079, Famiglia e povertà., 2008
CREDITS: SOCIETA' SAN PAOLO Via A.Severo, 58 - ROMA (RM) & PERIODICI SAN PAOLO SRL Via Giotto, 36 MILANO & CISF Via Giotto, 36 MILANO & EDIZIONI SAN PAOLO SRL,  Piazza Soncino, 5 CINISELLO BALSAMO (MI) -- ITALY